AGS life skills English / (Record no. 15806)

000 -LEADER
fixed length control field 00679cam a2200229Ia 4500
020 ## - INTERNATIONAL STANDARD BOOK NUMBER
ISBN 0785405097
020 ## - INTERNATIONAL STANDARD BOOK NUMBER
ISBN 9780785405092
020 ## - INTERNATIONAL STANDARD BOOK NUMBER
ISBN 0785405119 (Teacher's edition)
020 ## - INTERNATIONAL STANDARD BOOK NUMBER
ISBN 9780785405115 (Teacher's edition)
040 ## - CATALOGING SOURCE
Transcribing agency BDR
082 ## - DEWEY DECIMAL CLASSIFICATION NUMBER
Classification number 428 AGS 1997 A024 Or.
100 1# - MAIN ENTRY--AUTHOR NAME
Personal name Walker, Bonnie L.
245 10 - TITLE STATEMENT
Title AGS life skills English /
246 30 - VARYING FORM OF TITLE
Title proper/short title Life skills English
260 ## - PUBLICATION, DISTRIBUTION, ETC. (IMPRINT)
Place of publication Circle Pines, Minn. :
Name of publisher AGS, American Guidance Service,
Year of publication c1997.
300 ## - PHYSICAL DESCRIPTION
Number of Pages v, 278 p. :
Other physical details ill. ;
Dimensions 24 cm. +
Accompanying material teacher's edition.
500 ## - GENERAL NOTE
General note Includes index.
650 #0 - SUBJECT ADDED ENTRY--TOPICAL TERM
Topical Term Reading (Adult education)
650 #0 - SUBJECT ADDED ENTRY--TOPICAL TERM
Topical Term English language
650 #0 - SUBJECT ADDED ENTRY--TOPICAL TERM
Topical Term Life skills.
942 ## - ADDED ENTRY ELEMENTS (KOHA)
Koha item type សៀវភៅភាសាអង់គ្លេស
952 ## - LOCATION AND ITEM INFORMATION (KOHA)
Withdrawn status [LOCAL, KOHA] 0
952 ## - LOCATION AND ITEM INFORMATION (KOHA)
Withdrawn status [LOCAL, KOHA] 0
Holdings
Permanent Location Date acquired Koha item type Lost status Shelving location Barcode Current Location Full call number
Library Block A2017-12-11សៀវភៅភាសាអង់គ្លេស A024A18961Library Block A428 AGS 1997 A024 Or.
Library Block A2017-12-11សៀវភៅភាសាអង់គ្លេស A024A18939Library Block A428 AGS 1997 A024 Or.
មជ្ឈមណ្ឌលឯការនៃសាកលវិទ្យាល័យភូមិន្ទកសិកម្មចំការដូង

Powered by Koha